Miasta w Rosji - Nagła Śmierć - Statystyki

Ogólne statystyki
  • Ten quiz został rozwiązany 406 razy
    186 od ostatniego zresetowania
  • Średni wynik to 14 z 25
Answers on the Grid
Answers color-coded by a green-red scale on the quiz's grid according to % correct below.
Adana
Ałmaty
Andiżan
Batumi
Biszkek
Bobrujsk
Czelabińsk
Czyta
Grozny
Harbin
Homel
Irkuck
Jakuck
Jarosław
Jekaterynburg
Kazań
Kiszyniów
Kokand
Kołomna
Krasnojarsk
Kutaisi
Lensk
Moskwa
Namangan
Niżny Nowogród
Nowosybirsk
Omsk
Pawłodar
Perm
Poniewież
Riazań
Rostów nad Donem
Samara
Sankt Petersburg
Sendai
Smoleńsk
Suwon
Szymkent
Taszkent
Trewir
Ufa
Witebsk
Władywostok
Wołgograd
Woroneż
 
Statystyki odpowiedzi
Odpowiedź % Poprawnych
Moskwa
81%
Nowosybirsk
78%
Kazań
75%
Niżny Nowogród
75%
Wołgograd
73%
Władywostok
72%
Jekaterynburg
70%
Sankt Petersburg
70%
Jakuck
69%
Czelabińsk
68%
Irkuck
66%
Smoleńsk
66%
Krasnojarsk
65%
Omsk
63%
Grozny
62%
Rostów nad Donem
58%
Ufa
53%
Perm
49%
Jarosław
46%
Woroneż
46%
Samara
43%
Riazań
38%
Czyta
26%
Lensk
16%
Kołomna
14%
Nie znaleziono quizów pasujących do podanych kryteriów
Rozkład punktacji
Procent ludzi z każdym wynikiem
Percentyl według liczby udzielonych odpowiedzi
Twoja historia wyników
Nie rozwiązałeś tego quizu od ostatniego zresetowania